<?xml version="1.0" encoding="UTF-8"?>
<record
    xmlns:xsi="http://www.w3.org/2001/XMLSchema-instance"
    xsi:schemaLocation="http://www.loc.gov/MARC21/slim http://www.loc.gov/standards/marcxml/schema/MARC21slim.xsd"
    xmlns="http://www.loc.gov/MARC21/slim">

  <leader>00942nam a22002537a 4500</leader>
  <controlfield tag="005">20160615105615.0</controlfield>
  <datafield tag="010" ind1=" " ind2=" ">
    <subfield code="a">1516EN07   B-599114-120    ENG-115286</subfield>
  </datafield>
  <datafield tag="020" ind1=" " ind2=" ">
    <subfield code="a">9788126555918</subfield>
    <subfield code="c">799.00</subfield>
  </datafield>
  <datafield tag="035" ind1=" " ind2=" ">
    <subfield code="a">B-599114-120</subfield>
  </datafield>
  <datafield tag="035" ind1=" " ind2=" ">
    <subfield code="a">EN-98818</subfield>
  </datafield>
  <datafield tag="037" ind1=" " ind2=" ">
    <subfield code="b">Asian Book Center/Ven</subfield>
    <subfield code="a">dpl</subfield>
  </datafield>
  <datafield tag="037" ind1=" " ind2=" ">
    <subfield code="b">DBAD/PUB</subfield>
  </datafield>
  <datafield tag="082" ind1=" " ind2=" ">
    <subfield code="a">005.432</subfield>
  </datafield>
  <datafield tag="100" ind1=" " ind2=" ">
    <subfield code="a">Bresnahan, Christine </subfield>
  </datafield>
  <datafield tag="245" ind1="0" ind2="0">
    <subfield code="a">CompTIA Linux+ powered by Linux Professional institute study guide : </subfield>
    <subfield code="c">by Christine  Bresnahan [and] Richard Blum</subfield>
    <subfield code="b">exams LX0-103 and exam LX0-104 /</subfield>
  </datafield>
  <datafield tag="250" ind1=" " ind2=" ">
    <subfield code="a">3rd ed</subfield>
  </datafield>
  <datafield tag="260" ind1=" " ind2=" ">
    <subfield code="a">New Delhi</subfield>
    <subfield code="b">Wiley India</subfield>
    <subfield code="c">2015(repr.)</subfield>
  </datafield>
  <datafield tag="270" ind1=" " ind2=" ">
    <subfield code="a">4435-36/7,Ansari Road, Darya Ganj,</subfield>
    <subfield code="b">New Delhi</subfield>
    <subfield code="e">110002</subfield>
  </datafield>
  <datafield tag="300" ind1=" " ind2=" ">
    <subfield code="a">li,634p.</subfield>
    <subfield code="c">25cm(pbk)</subfield>
  </datafield>
  <datafield tag="500" ind1=" " ind2=" ">
    <subfield code="a">Includes index</subfield>
  </datafield>
  <datafield tag="700" ind1=" " ind2=" ">
    <subfield code="a">Blum,Richard</subfield>
  </datafield>
  <datafield tag="942" ind1=" " ind2=" ">
    <subfield code="2">ddc</subfield>
    <subfield code="c">EN</subfield>
    <subfield code="h">005.432</subfield>
    <subfield code="m">BRE</subfield>
  </datafield>
  <datafield tag="999" ind1=" " ind2=" ">
    <subfield code="c">95843</subfield>
    <subfield code="d">95843</subfield>
  </datafield>
  <datafield tag="952" ind1=" " ind2=" ">
    <subfield code="0">0</subfield>
    <subfield code="1">0</subfield>
    <subfield code="4">0</subfield>
    <subfield code="7">0</subfield>
    <subfield code="8">NFIC</subfield>
    <subfield code="a">L</subfield>
    <subfield code="b">L</subfield>
    <subfield code="d">2015-12-15</subfield>
    <subfield code="e">ABC/IN4654/23.09.2015/111/16.09.2015/30.09.2015</subfield>
    <subfield code="g">799.00</subfield>
    <subfield code="l">1</subfield>
    <subfield code="o">005.432 BRE</subfield>
    <subfield code="p">B-599114</subfield>
    <subfield code="q">2017-05-11</subfield>
    <subfield code="r">2017-04-27 00:00:00</subfield>
    <subfield code="s">2017-04-27</subfield>
    <subfield code="t">1</subfield>
    <subfield code="v">799.00</subfield>
    <subfield code="y">EN</subfield>
  </datafield>
  <datafield tag="952" ind1=" " ind2=" ">
    <subfield code="0">0</subfield>
    <subfield code="1">0</subfield>
    <subfield code="4">0</subfield>
    <subfield code="7">1</subfield>
    <subfield code="8">REF</subfield>
    <subfield code="a">L</subfield>
    <subfield code="b">L</subfield>
    <subfield code="d">2015-12-15</subfield>
    <subfield code="e">ABC/IN4654/23.09.2015/111/16.09.2015/30.09.2015</subfield>
    <subfield code="g">799.00</subfield>
    <subfield code="l">0</subfield>
    <subfield code="o">005.432 BRE</subfield>
    <subfield code="p">B-599115</subfield>
    <subfield code="r">2015-12-15 00:00:00</subfield>
    <subfield code="t">1</subfield>
    <subfield code="v">799.00</subfield>
    <subfield code="y">EN</subfield>
  </datafield>
  <datafield tag="952" ind1=" " ind2=" ">
    <subfield code="0">0</subfield>
    <subfield code="1">0</subfield>
    <subfield code="4">0</subfield>
    <subfield code="7">0</subfield>
    <subfield code="8">NFIC</subfield>
    <subfield code="a">BL1</subfield>
    <subfield code="b">BL1</subfield>
    <subfield code="d">2015-12-15</subfield>
    <subfield code="e">ABC/IN4654/23.09.2015/111/16.09.2015/30.09.2015</subfield>
    <subfield code="g">799.00</subfield>
    <subfield code="l">2</subfield>
    <subfield code="m">3</subfield>
    <subfield code="o">005.432 BRE</subfield>
    <subfield code="p">B-599116</subfield>
    <subfield code="r">2024-07-04 00:00:00</subfield>
    <subfield code="s">2022-08-25</subfield>
    <subfield code="t">1</subfield>
    <subfield code="v">799.00</subfield>
    <subfield code="y">EN</subfield>
  </datafield>
  <datafield tag="952" ind1=" " ind2=" ">
    <subfield code="0">0</subfield>
    <subfield code="1">0</subfield>
    <subfield code="4">0</subfield>
    <subfield code="7">0</subfield>
    <subfield code="8">NFIC</subfield>
    <subfield code="a">JP</subfield>
    <subfield code="b">JP</subfield>
    <subfield code="d">2015-12-15</subfield>
    <subfield code="e">ABC/IN4654/23.09.2015/111/16.09.2015/30.09.2015</subfield>
    <subfield code="g">799.00</subfield>
    <subfield code="l">16</subfield>
    <subfield code="m">4</subfield>
    <subfield code="o">005.432 BRE</subfield>
    <subfield code="p">B-599117</subfield>
    <subfield code="r">2025-08-26 00:00:00</subfield>
    <subfield code="s">2025-07-17</subfield>
    <subfield code="t">1</subfield>
    <subfield code="v">799.00</subfield>
    <subfield code="y">EN</subfield>
  </datafield>
  <datafield tag="952" ind1=" " ind2=" ">
    <subfield code="0">0</subfield>
    <subfield code="1">0</subfield>
    <subfield code="4">0</subfield>
    <subfield code="7">0</subfield>
    <subfield code="8">NFIC</subfield>
    <subfield code="a">ZLS</subfield>
    <subfield code="b">ZLS</subfield>
    <subfield code="d">2015-12-15</subfield>
    <subfield code="e">ABC/IN4654/23.09.2015/111/16.09.2015/30.09.2015</subfield>
    <subfield code="g">799.00</subfield>
    <subfield code="l">5</subfield>
    <subfield code="m">2</subfield>
    <subfield code="o">005.432 BRE</subfield>
    <subfield code="p">B-599118</subfield>
    <subfield code="r">2025-05-14 00:00:00</subfield>
    <subfield code="s">2025-04-21</subfield>
    <subfield code="t">1</subfield>
    <subfield code="v">799.00</subfield>
    <subfield code="y">EN</subfield>
  </datafield>
  <datafield tag="952" ind1=" " ind2=" ">
    <subfield code="0">0</subfield>
    <subfield code="1">0</subfield>
    <subfield code="4">0</subfield>
    <subfield code="7">0</subfield>
    <subfield code="8">NFIC</subfield>
    <subfield code="a">BL1</subfield>
    <subfield code="b">BN</subfield>
    <subfield code="d">2015-12-15</subfield>
    <subfield code="e">ABC/IN4654/23.09.2015/111/16.09.2015/30.09.2015</subfield>
    <subfield code="g">799.00</subfield>
    <subfield code="l">1</subfield>
    <subfield code="m">0</subfield>
    <subfield code="o">005.432 BRE</subfield>
    <subfield code="p">B-599119</subfield>
    <subfield code="r">2019-07-12 00:00:00</subfield>
    <subfield code="s">2019-07-12</subfield>
    <subfield code="t">1</subfield>
    <subfield code="v">799.00</subfield>
    <subfield code="y">EN</subfield>
  </datafield>
  <datafield tag="952" ind1=" " ind2=" ">
    <subfield code="0">0</subfield>
    <subfield code="1">0</subfield>
    <subfield code="4">0</subfield>
    <subfield code="7">0</subfield>
    <subfield code="8">NFIC</subfield>
    <subfield code="a">BL4</subfield>
    <subfield code="b">BL4</subfield>
    <subfield code="d">2015-12-15</subfield>
    <subfield code="e">ABC/IN4654/23.09.2015/111/16.09.2015/30.09.2015</subfield>
    <subfield code="g">799.00</subfield>
    <subfield code="l">0</subfield>
    <subfield code="o">005.432 BRE</subfield>
    <subfield code="p">B-599120</subfield>
    <subfield code="r">2015-12-15 00:00:00</subfield>
    <subfield code="t">1</subfield>
    <subfield code="v">799.00</subfield>
    <subfield code="y">EN</subfield>
  </datafield>
  <datafield tag="952" ind1=" " ind2=" ">
    <subfield code="0">0</subfield>
    <subfield code="1">0</subfield>
    <subfield code="4">0</subfield>
    <subfield code="7">0</subfield>
    <subfield code="8">NFIC</subfield>
    <subfield code="a">AV</subfield>
    <subfield code="b">AV</subfield>
    <subfield code="d">2016-06-15</subfield>
    <subfield code="e">DBAD/PUB</subfield>
    <subfield code="g">799.00</subfield>
    <subfield code="l">0</subfield>
    <subfield code="o">005.432 BRE</subfield>
    <subfield code="p">EN-98818</subfield>
    <subfield code="r">2016-06-15 00:00:00</subfield>
    <subfield code="t">1</subfield>
    <subfield code="v">799.00</subfield>
    <subfield code="y">EN</subfield>
  </datafield>
</record>
